|
|
|
|
| LEADER |
00940nam a2200241 i 4500 |
| 001 |
c000245363 |
| 003 |
CARM |
| 005 |
00000000000000.0 |
| 008 |
840311s1973 enk 0 eng d |
| 019 |
1 |
|
|a 532359
|5 LACONCORD2021
|
| 020 |
|
|
|a 0521201888
|
| 035 |
|
|
|a (OCoLC)705109
|5 LACONCORD2021
|
| 082 |
0 |
4 |
|a 330.1
|
| 100 |
1 |
|
|a Shackle, G. L. S.
|q (George Lennox Sharman),
|d 1903-
|
| 245 |
1 |
3 |
|a An economic querist /
|c [by] G.L.S. Shackle.
|
| 260 |
|
|
|a Cambridge, Eng. :
|b University Press,
|c 1973.
|
| 300 |
|
|
|a 135 p.
|
| 650 |
|
0 |
|a Economics.
|
| 852 |
8 |
|
|b CARM
|h A1:AP01D0
|i C08777
|p 0338100
|f BK
|
| 852 |
8 |
|
|b CARM
|h A1:AL06C0
|i B09889
|p 0445121
|f BK
|
| 999 |
f |
f |
|i d8a9f787-96d6-5fa6-ba7b-0afb9cc0ddb2
|s c6f74eb7-174c-5159-8a8f-86a6944d1988
|
| 952 |
f |
f |
|p Can circulate
|a CAVAL
|b CAVAL
|c CAVAL
|d CARM 1 Store
|e C08777
|f A1:AP01D0
|h Other scheme
|i book
|m 0338100
|
| 952 |
f |
f |
|p Can circulate
|a CAVAL
|b CAVAL
|c CAVAL
|d CARM 1 Store
|e B09889
|f A1:AL06C0
|h Other scheme
|i book
|m 0445121
|